[Event "World ol U16"]
[Site "Ahmedabad"]
[Date "2017.12.12"]
[Round "3.2"]
[White "Tamang, Lakpa Dorje"]
[Black "Van der Westhuizen, Donald"]
[Result "0-1"]
[WhiteElo "1573"]
[BlackElo "1704"]
[PlyCount "80"]
[EventDate "2017.12.11"]
[EventType "team-swiss"]
[EventRounds "9"]
[EventCountry "IND"]
[SourceTitle "CBM 182 Extra"]
[Source "ChessBase"]
[SourceDate "2018.02.23"]
[SourceVersion "1"]
[SourceVersionDate "2018.02.23"]
[SourceQuality "1"]
[WhiteTeam "Nepal II"]
[BlackTeam "South Africa II"]
[WhiteTeamCountry "NEP"]
[BlackTeamCountry "RSA"]

1. d4 Nf6 2. Bf4 c5 3. d5 Qb6 4. b3 Qb4+ 5. Qd2 Nxd5 6. c3 Qxf4 7. Qxd5 Qc1+ 8. Qd1 Qb2 9. Nd2 Qxc3 10. Rc1 Qa5 11. Qc2 d6 12. Ngf3 Nc6 13. e3 Nb4 14. Qc3 Qd8 15. Qb2 Nd5 16. Bd3 Nf6 17. Ne4 g6 18. Nxf6+ exf6 19. Bb5+ Ke7 20. Qc2 Qa5+ 21. b4 Qxb4+ 22. Nd2 Qxb5 23. Qe4+ Kd8 24. Qd5 Be6 25. Rb1 Qxb1+ 26. Nxb1 Bxd5 27. a3 f5 28. 0-0 Kc7 29. Nc3 Bc6 30. Re1 Bg7 31. Nd1 Rhe8 32. Kf1 Rad8 33. h3 f4 34. f3 fxe3 35. Nxe3 Bc3 36. Re2 Bb5 37. Nd5+ Kc6 38. Nxc3 Bxe2+ 39. Nxe2 Rxe2 40. Kxe2 Kd5 0-1

[Event "Durban Ethekwini op"]
[Site "Durban"]
[Date "2017.03.20"]
[Round "6"]
[White "Van der Westhuizen, Donald"]
[Black "Pather, Cayden"]
[Result "1-0"]
[WhiteElo "1505"]
[BlackElo "1280"]
[PlyCount "70"]
[EventDate "2017.03.18"]
[EventType "swiss"]
[EventRounds "7"]
[EventCountry "RSA"]
[SourceTitle "CBM 177 Extra"]
[Source "ChessBase"]
[SourceDate "2017.04.27"]
[SourceVersion "1"]
[SourceVersionDate "2017.04.27"]
[SourceQuality "1"]

1. d4 d5 2. c4 c6 3. Nc3 Nf6 4. Nf3 e6 5. cxd5 exd5 6. Bg5 Be7 7. Qc2 0-0 8. e3 h6 9. Bh4 Ne4 10. Nxe4 Bxh4 11. Nxh4 dxe4 12. Qxe4 f5 13. Qf4 g5 14. Qg3 f4 15. exf4 Re8+ 16. Be2 Qe7 17. 0-0 Qxe2 18. fxg5 Qg4 19. gxh6 Na6 20. Qxg4+ Bxg4 21. f3 Be6 22. g4 Kh7 23. g5 Rg8 24. f4 Rad8 25. Rae1 Nc7 26. Re4 Rd7 27. Rfe1 Rd6 28. Kf2 Rf8 29. f5 Bxf5 30. Re7+ Kh8 31. Rxc7 Rxd4 32. Nxf5 Rf4+ 33. Kg3 R4xf5 34. Kg4 Rf4+ 35. Kh5 Rf2 1-0

[Event "RSA-chT U16"]
[Site "Cape Town"]
[Date "2016.01.04"]
[Round "1.4"]
[White "Van der Westhuizen, Donald"]
[Black "Van der Lingen, Cornelis Petrus"]
[Result "1/2-1/2"]
[WhiteElo "1486"]
[BlackElo "1590"]
[PlyCount "140"]
[EventDate "2016.01.04"]
[EventType "team-tourn"]
[EventRounds "7"]
[EventCountry "RSA"]
[SourceTitle "CBM 170 Extra"]
[Source "ChessBase"]
[SourceDate "2016.02.25"]
[SourceVersion "1"]
[SourceVersionDate "2016.02.25"]
[SourceQuality "1"]
[WhiteTeam "Tshwane"]
[BlackTeam "Johannesburg Metro"]
[WhiteTeamCountry "RSA"]
[BlackTeamCountry "RSA"]

1. d4 Nf6 2. Nf3 g6 3. c4 Bg7 4. Nc3 d5 5. cxd5 Nxd5 6. e4 Nxc3 7. bxc3 c5 8. Be3 Qa5 9. Qd2 0-0 10. Rb1 a6 11. Rd1 Nc6 12. c4 Qxd2+ 13. Rxd2 cxd4 14. Nxd4 Nxd4 15. Bxd4 Be6 16. Bxg7 Kxg7 17. Bd3 Rfd8 18. Ke2 Rd4 19. Ke3 Rad8 20. Rhd1 f6 21. Be2 Rxd2 22. Rxd2 Rc8 23. Kd4 Bf7 24. Rb2 e5+ 25. Kc3 b5 26. Rb4 Be8 27. Bg4 Rc7 28. Be6 a5 29. Rb2 bxc4 30. Bd5 Bc6 31. Bxc6 Rxc6 32. Rb5 Rd6 33. f3 Rd3+ 34. Kc2 Ra3 35. Kb1 g5 36. Kb2 Ra4 37. a3 h5 38. h3 g4 39. hxg4 hxg4 40. Rb7+ Kh6 41. Rf7 Kg6 42. Rf8 Kg7 43. Rc8 gxf3 44. gxf3 Kg6 45. Rg8+ Kh6 46. Rc8 Kh5 47. Rg8 c3+ 48. Kb3 c2 49. Rc8 Rd4 50. Rxc2 Kg5 51. Rc3 f5 52. Rc5 a4+ 53. Kc3 Kf4 54. exf5 Kxf5 55. Rc4 Rf4 56. Kb4 Rxf3 57. Kxa4 e4 58. Kb4 e3 59. Rc1 Ke4 60. a4 Kd3 61. a5 Kd2 62. Ra1 e2 63. a6 Rf8 64. Ra2+ Kd3 65. Rxe2 Kxe2 66. Kb5 Ra8 67. Kb6 Rb8+ 68. Ka7 Rb1 69. Ka8 Ke3 70. a7 Kd4 1/2-1/2

[Event "RSA-ch U14"]
[Site "Waterkloof"]
[Date "2015.04.04"]
[Round "2"]
[White "Van der Westhuizen, Donald"]
[Black "Mowzer, Mohammed Taariq"]
[Result "0-1"]
[WhiteElo "1483"]
[BlackElo "1640"]
[PlyCount "106"]
[EventDate "2015.04.04"]
[EventType "swiss"]
[EventRounds "9"]
[EventCountry "RSA"]
[SourceTitle "CBM 166 Extra"]
[Source "ChessBase"]
[SourceDate "2015.06.18"]
[SourceVersion "1"]
[SourceVersionDate "2015.06.18"]
[SourceQuality "1"]

1. d4 Nf6 2. Nf3 e6 3. e3 b6 4. Bd3 Bb7 5. 0-0 c5 6. c4 Be7 7. Nc3 d5 8. cxd5 Nxd5 9. Bb5+ Bc6 10. Bxc6+ Nxc6 11. Nxd5 Qxd5 12. Qa4 0-0 13. Rd1 Rfd8 14. Qc2 cxd4 15. exd4 Rac8 16. Qe2 Rc7 17. Bf4 Rcd7 18. Rac1 Bd6 19. Bg5 Ne7 20. Bh4 h6 21. Ne5 Bxe5 22. Bxe7 Bxh2+ 23. Kxh2 Rxe7 24. a3 Red7 25. Rc3 Qf5 26. Rcd3 Rd5 27. Kg1 Qf4 28. g3 Qf5 29. Qd2 Qg4 30. Qb4 e5 31. Qe7 Qd7 32. Qh4 exd4 33. g4 Qd6 34. g5 Rxg5+ 35. Kf1 Rd5 36. Kg2 Rg5+ 37. Kf1 Rd5 38. Kg2 Qg6+ 39. Kf1 R8d7 40. Rxd4 Rxd4 41. Rxd4 Rxd4 42. Qxd4 Qf6 43. Qd7 a5 44. Qb5 Kh7 45. Qa6 Qxb2 46. a4 g6 47. Kg2 Qf6 48. Qb5 h5 49. Qd7 Kg7 50. Qb5 h4 51. Kh3 Qxf2 52. Qe5+ Qf6 53. Qb5 Qf5+ 0-1